Statistics for All U.S. Border Cities on a Map

Click here to take the quiz!

General Stats

  • This quiz has been taken 892 times
  • The average score is 13 of 116

Answers on the Map

Answers color-coded by a green-red scale on the quiz's map according to % correct below.
 

Answer Stats

PopulationStateCity% Correct
1,401,932CASan Diego
93%
682,669TXEl Paso
90%
672,662MIDetroit
79%
256,304NYBuffalo
73%
183,392TXBrownsville
67%
32,330AKJuneau
66%
143,433TXMcAllen
63%
261,639TXLaredo
60%
48,144NYNiagara Falls
55%
40,139CACalexico
34%
13,552MISault Sainte Marie
31%
20,188AZNogales
26%
5,930MNInternational Falls
21%
28,927MIPort Huron
21%
35,954TXDel Rio
20%
29,487TXEagle Pass
16%
84,827TXMission
15%
1,005AKSkagway
15%
79,707TXPharr
12%
674MEBlaine
11%
5,436WABlaine
11%
5,306MISaint Clair
11%
7,012MISaint Clair Township
11%
15,978AZDouglas
10%
27,447CAImperial Beach
10%
33,490AZSan Luis
10%
11,094MIGrosse Pointe Park
9%
5,620NYChamplain
8%
1,629NMColumbus
8%
21,294NYGrand Island
8%
5,763MEHoulton
8%
14,521TXRio Grande City
8%
34,533TXSocorro
8%
14,798NYTonawanda
8%
2,989MECalais
7%
9,687MIMarysville
7%
10,551NYOgdensburg
7%
813NHPittsburg
7%
3,991TXPresidio
7%
1,503WASumas
7%
4,040MIAlgonac
6%
1,003MNBaudette
6%
3,846MEFort Kent
6%
15,817NYLewiston
6%
3,700MEMadawaska
6%
12,114NYMassena
6%
2,435VTNewport
6%
140NDPortal
6%
11,455TXRoma
6%
9,144TXSan Elizario
6%
16,602NMSunland Park
6%
4,039NYAlexandria
5%
4,357VTDerby
5%
3,729MIEast China
5%
9,592MIEcorse
5%
10,158MIGrosse Ile
5%
1,256MELubec
5%
4,125MIMarine City
5%
7,456MIRiver Rouge
5%
24,935MIWyandotte
5%
1,889NYYoungstown
5%
1,707VTAlburgh
4%
1,018VTCanaan
4%
2,743NYCape Vincent
4%
8,866MIClay
4%
1,604NYFort Covington
4%
3,281MEFort Fairfield
4%
432MEGrand Isle
4%
2,007MELimestone
4%
1,520VTTroy
4%
1,993MEVan Buren
4%
218MEAmity
3%
1,451MEBaileyville
3%
1,653VTBerkshire
3%
1,845NYClayton
3%
648NYClinton
3%
3,478MICottrellville
3%
574MEDanforth
3%
1,109MEEaston
3%
2,567TXEscobares
3%
1,459VTFranklin
3%
1,006MEFrenchville
3%
204MEHamlin
3%
3,673VTHighgate
3%
544VTJay
3%
1,700TXLa Grulla
3%
985MELittleton
3%
1,462MEMars Hill
3%
743MEMonticello
3%
3,589NYMooers
3%
1,790NYMorristown
3%
142VTNorton
3%
141MEOrient
3%
40,352NYOrleans
3%
707MEPerry
3%
298TXProgreso Lakes
3%
2,585VTRichford
3%
445MESaint Francis
3%
6,576VTSwanton
3%
133MEVanceboro
3%
949NYWaddington
3%
146MEWeston
3%
563MEBridgewater
2%
202NYBurke
2%
283MECaswell
2%
1,888NYChateaugay
2%
1,578NYConstable
2%
271NYHammond
2%
1,271MEHodgdon
2%
592VTHolland
2%
4,077NYLisbon
2%
3,085NYLouisville
2%
4,274NYOswegatchie
2%
6,599NYPorter
2%
552MERobbinston
2%
1,812NYWestville
2%

Score Distribution

Percentile by Number Answered

Percent of People with Each Score

Your Score History

You have not taken this quiz